000 00919nam a2200229 a 4500
001 39435
003 BD-RjUL
005 20211209053006.0
008 160411r20111987ii |||| |||| 00| 0 ben d
020 _a817066084X
_c:IRs.330.00
035 _a(BD-RjUL)39548
040 _aBD-RjUL
_bben
_cBD-RjUL
041 _aben
082 _223
_a891.444
_bSER 2011
100 _aসেন, প্রবোধচন্দ্র.
_9118302
245 _aছন্দোগুরু রবীন্দ্রনাথ /
_cপ্রবোধচন্দ্র সেন
260 _aকলকাতা :
_bআনন্দ পাবলিশার্স প্রাইভেট লিমিটেড,
_c১৯৮৭ [৩য় মুদ্রণ ২০১১ ]
300 _a২২৯ পৃ. ;
_c২১ সেমি.
650 _aবাংলা প্রবন্ধ
_9121568
650 _aBengali essays
_9121569
942 _2ddc
_cBK
999 _c39435
_d39435